01214naa#a2200193#i#4500001001600000005001700016011001400033100004100047102000700088200017200095210035000267215001000617608004500627675016000672700006200832700005200894700005400946856002001000RU\\bibl\12043620260416142627.4##a2409-1073##a20240620b2024####ek#y0rusy0150####ca##aRU1#aНравственные основания и ценностные приоритеты современного ИнтернетаeЖурнальная статья1#aМоскваcФедеральное государственное автономное образовательное учреждение высшего образования Национальный исследовательский университет "Московский институт электронной техники"d2024##a0 с.##aЖурнальная статья2local##aЭтика. Учение о морали. Практическая философия. 17aПрименения компьютерных сетей. 004.77#1aАракелянgМарина Александровна#1aПоповаgЕлена Анатольевна#1aБогдановаgИрина Сергеевна4#aesgi-journal.ru